| 000 -LEADER |
| fixed length control field |
00742nam a2200217Ia 4500 |
| 001 - CONTROL NUMBER |
| control field |
11467 |
| 003 - CONTROL NUMBER IDENTIFIER |
| control field |
GE_BSU |
| 008 - FIXED-LENGTH DATA ELEMENTS--GENERAL INFORMATION |
| fixed length control field |
181216s||||||||xx |||||||||||||| ||und|| |
| 040 ## - CATALOGING SOURCE |
| Transcribing agency |
GE_BSU |
| 080 ## - UNIVERSAL DECIMAL CLASSIFICATION NUMBER |
| Universal Decimal Classification number |
634.752(479.22) |
| 100 ## - MAIN ENTRY--PERSONAL NAME |
| Personal name |
ლასარეიშვილი,ლ. |
| 245 ## - TITLE STATEMENT |
| Title |
მარწყვის კულტურა საქართველოში. |
| 245 ## - TITLE STATEMENT |
| Statement of responsibility, etc. |
რედ:ი.სარიშვილი. |
| 260 ## - PUBLICATION, DISTRIBUTION, ETC. |
| Place of publication, distribution, etc. |
თბილისი. |
| 260 ## - PUBLICATION, DISTRIBUTION, ETC. |
| Name of publisher, distributor, etc. |
თბილისის უნ–ტის გამ–ბა. |
| 260 ## - PUBLICATION, DISTRIBUTION, ETC. |
| Date of publication, distribution, etc. |
1973. |
| 300 ## - PHYSICAL DESCRIPTION |
| Extent |
320გვ;22სმ. |
| 300 ## - PHYSICAL DESCRIPTION |
| Accompanying material |
ცხრ. |
| 653 ## - INDEX TERM--UNCONTROLLED |
| Uncontrolled term |
მარწყვის კულტურა საქართველოში. |
| 942 ## - ADDED ENTRY ELEMENTS (KOHA) |
| Koha item type |
წიგნი |